| 000 | 01367nam a2200229Ia 4500 | ||
|---|---|---|---|
| 003 | OSt | ||
| 005 | 20210902115428.0 | ||
| 008 | 210310s9999 ck ad gr 000 0 spa d | ||
| 040 |
_aCO-JMCR _cCO-JMCR |
||
| 041 | 0 | _aspa | |
| 082 | 0 | 4 |
_a332.042 / _bO731r _223 |
| 110 | 2 |
_aOrganización Internacional para las Migraciones _93770 |
|
| 245 | 1 | 0 |
_aRemesas en Colombia desarrollo y marco legal / _cOrganización Internacional para las Migraciones |
| 260 |
_aColombia : _bCésar González Muñoz & Asociados, _c2003. |
||
| 300 |
_a103 páginas : _bilustraciones y gráficas en blanco y negro ; _c23 cm. |
||
| 504 | 0 | _aBibliografía : páginas 102-102. | |
| 505 | 0 | _aRemesas familiares: Colombia y algunos países de Américas Latina. -- El marco institucional para la recepción envió de remesas. -- El narco legal para la recepción y envió de giros en Méjico, Centroamérica y Colombia. -- Los intermediarios del mercado cambiario en los Estados Unidos. -- Los intermediarios del mercado cambiario en Colombia. -- Los costos de envió de las remesas desde los estado Unidos de América Latina. -- Sobre la comunidad emigrante colombiana y los beneficiarios de los giros de baja cuantía. | |
| 650 | 1 | 4 |
_aRemesas _zColombia _939903 |
| 650 | 2 | 4 |
_aDesarrollo y marco legal _zColombia _939904 |
| 650 | 2 | 4 |
_aCostos _xRemesas internacionales _939905 |
| 942 |
_2ddc _cBK |
||
| 999 |
_c11938 _d11938 |
||